| 000 | 00325nam a22001097a 4500 | ||
|---|---|---|---|
| 082 | _a500 | ||
| 100 |
_aSrivastava, Ashutosh _981922 |
||
| 245 | _aGeneral Studies Preview General Science Chapterwise Solved Paper 2023 | ||
| 260 |
_aPrayagraj UP _bSam samayk Ghatana Chakra _c2023 |
||
| 650 |
_aGeneral Science _981923 |
||
| 942 | _cBK | ||
| 999 |
_c66140 _d66140 |
||